| 000 | 00590cam a22001932 4500 | ||
|---|---|---|---|
| 001 | 0000009503 | ||
| 005 | 20151217145851.0 | ||
| 008 | 081031s xx 000 0 eng d | ||
| 020 |
_a1412901162 : _cKES 2520 |
||
| 040 |
_aKABU _cKABUl |
||
| 245 | 1 | 0 |
_aSucceeding with your doctorate / _cJerry Wellington ...[et al.] |
| 260 |
_aLondon : _bSAGE, _c2005. |
||
| 300 | _axii, 228 p. | ||
| 650 | 0 |
_aDoctor of philosophy _vHandbooks, manuals, etc. _@0000161038 |
|
| 700 | 1 |
_aWellington, Jerry. _@0000153541 |
|
| 908 | _a081031 | ||
| 950 | _@1 | ||
| 999 |
_c3473 _d3473 |
||